书目信息 |
| 题名: |
关于职业
|
|
| 作者: | 周安华 著 | |
| 分册: | ||
| 出版信息: | 北京 中国纺织工业出版社 2000.01 |
|
| 页数: | 115页 | |
| 开本: | 32开 | |
| 丛书名: | ||
| 单 册: | ||
| 中图分类: | C913.2 | |
| 科图分类: | ||
| 主题词: | 社会生活 , 社会问题 | |
| 电子资源: | ||
| ISBN: | 7-5064-1757-X | |
| 000 | 00551nam0 2200205 45 | |
| 001 | 0009020971 | |
| 005 | 20000902094715.9 | |
| 010 | @a7-5064-1757-X@d8.80元 | |
| 100 | @a20000902d2000 km y0chiy0120 ea | |
| 101 | 0 | @achi |
| 105 | @a z 000yy | |
| 200 | 1 | @a关于职业@AGuan Yu Zhi Ye@f周安华著@FZhou An Hua Zhu |
| 210 | @a北京@c中国纺织工业出版社@d2000.01 | |
| 215 | @a115页@d32开 | |
| 606 | 0 | @a社会生活 |
| 606 | 0 | @a社会问题 |
| 690 | @aC913.2@v3 | |
| 701 | 0 | @a周安华@4著 |
| 801 | @aCN@bPftUser@c20000902 | |
| 905 | @b115126-130@dC913.2@eZH312@f5 | |
| 关于职业/周安华著.-北京:中国纺织工业出版社,2000.01 |
| 115页;32开 |
| ISBN 7-5064-1757-X:8.80元 |
| ● |
| 相关链接 |
|
|
|
正题名:关于职业
索取号:C913.2/ZH312
 
预约/预借
| 序号 | 登录号 | 条形码 | 馆藏地/架位号 | 状态 | 备注 |
| 1 | 115126 | 201151261 | 社科库509/509社科库 61排8列6层/ [索取号:C913.2/ZH312] | 在馆 | |
| 2 | 115127 | 201151270 | 社科库509/509社科库 61排8列6层/ [索取号:C913.2/ZH312] | 在馆 | |
| 3 | 115128 | 201151289 | 社科库509/509社科库 61排8列6层/ [索取号:C913.2/ZH312] | 在馆 | |
| 4 | 115129 | 201151298 | 社科库509/509社科库 61排8列6层/ [索取号:C913.2/ZH312] | 在馆 | |
| 5 | 115130 | 201151305 | 社科库509/509社科库 61排8列6层/ [索取号:C913.2/ZH312] | 在馆 |